[Event "EuTCh w"]
[Site "Plovdiv BUL"]
[Date "2003.10.19"]
[Round "8"]
[White "Foisor,C"]
[Black "Skripchenko,A"]
[Result "1/2-1/2"]
[WhiteElo "2398"]
[BlackElo "2460"]
[EventDate "2003.10.10"]

1. Nf3 c5 2. g3 Nc6 3. c4 g6 4. Bg2 Bg7 5. Nc3 e5 6. a3 a5 7. d3 Nge7 8.
Nd2 d6 9. Nf1 O-O 10. Ne3 h6 11. Rb1 Be6 12. Ned5 Rb8 13. O-O Kh7 14. Bd2
Qd7 15. Nb6 Qd8 16. Ncd5 f5 17. b4 axb4 18. axb4 cxb4 19. Nxe7 Nxe7 20.
Rxb4 f4 21. Rb1 h5 22. Nd5 Bh6 23. Kh1 Nxd5 24. cxd5 Bd7 25. Be4 Rf6 26.
gxf4 exf4 27. Rg1 Bf5 28. Qa4 Bxe4+ 29. Qxe4 Qd7 30. Bc3 Rf5 31. Rb6 f3 32.
exf3 Bf4 33. Qe6 Qf7 34. Bb4 Qxe6 35. dxe6 Rd5 36. e7 Re8 37. Rxb7 Rxd3 38.
Kg2 Kg7 39. Ba5 Rd5 40. Bd8 Rg5+ 41. Kh1 Rxg1+ 42. Kxg1 Kf7 43. h4 Be5 44.
Kg2 Bf6 45. Kg3 Ke6 46. f4 Bxe7 47. Bxe7 Rxe7 48. Rb6 Ra7 49. Rb5 Ra3+ 50.
f3 Ra1 51. Kf2 Ra2+ 52. Kg3 Rd2 53. Rg5 Kf6 54. f5 gxf5 55. Rxh5 Ke5 56.
Rh8 f4+ 57. Kh3 Rf2 58. Re8+ Kf5 59. Rf8+ Ke5 60. Re8+ Kf5 1/2-1/2

[Event "EuTCh w"]
[Site "Plovdiv BUL"]
[Date "2003.10.19"]
[Round "8"]
[White "Milliet,S"]
[Black "Motoc,A"]
[Result "1/2-1/2"]
[WhiteElo "2326"]
[BlackElo "2363"]
[EventDate "2003.10.10"]

1. e4 c5 2. Nc3 d6 3. f4 g6 4. Nf3 Bg7 5. Bc4 Nc6 6. d3 Nf6 7. O-O O-O 8.
Qe1 e6 9. f5 d5 10. e5 Nxe5 11. Nxe5 dxc4 12. fxg6 hxg6 13. Nxc4 Nh5 14.
Be3 b6 15. Qd2 Bb7 16. Bh6 Qd4+ 17. Rf2 Bxh6 18. Qxh6 Nf6 19. h3 Nd5 20.
Ne4 Qg7 21. Qh4 f5 22. Ng5 e5 23. Nxe5 Rae8 24. Re1 Re7 25. Rfe2 Rfe8 26.
Ngf7 Rxf7 27. Nxf7 Rxe2 28. Qd8+ Kxf7 29. Rxe2 Bc6 30. c4 Qf6 31. Qb8 Qd4+
32. Kh1 Qf4 33. Qxa7+ Qc7 34. Qxc7+ Nxc7 35. a3 Ne6 36. b4 Nf4 37. Rd2 Nxh3
38. d4 cxd4 39. Rxd4 Nf2+ 40. Kg1 Ne4 41. Rd8 b5 42. cxb5 Bxb5 43. Rb8 Nc3
44. Kf2 Ke6 45. Rb6+ Ke5 46. Rxg6 Nb1 47. Rg3 Kd4 48. Rf3 Bd7 49. Ke2 Bb5+
50. Kd1 Bd3 51. a4 Be4 52. Rg3 Nc3+ 53. Kd2 Nxa4 54. b5 Nb6 55. Rg6 Nc4+
56. Ke2 Bd3+ 57. Kf2 Ne5 58. b6 Be4 59. Rg7 Nd3+ 60. Kg3 Nc5 61. Kh4 Ke5
62. Rc7 Kd6 63. g3 Na4 64. Rf7 Nxb6 65. g4 1/2-1/2

[Event "EuTCh w"]
[Site "Plovdiv BUL"]
[Date "2003.10.19"]
[Round "8"]
[White "Botvinnik,Ir"]
[Black "Jiretorn,E"]
[Result "1/2-1/2"]
[WhiteElo "2249"]
[BlackElo "2136"]
[EventDate "2003.10.10"]

1. c4 c5 2. Nf3 Nc6 3. d4 cxd4 4. Nxd4 g6 5. e4 Bg7 6. Be3 Nf6 7. Nc3 O-O
8. Be2 d6 9. h3 a6 10. O-O Nd7 11. Qd2 Rb8 12. Rfd1 Re8 13. Rac1 Nxd4 14.
Bxd4 Bxd4 15. Qxd4 Qb6 16. Qd2 Qa5 17. h4 Nf6 18. Qg5 b5 19. e5 b4 20. exf6
Qxg5 21. hxg5 bxc3 22. b3 exf6 23. Bf3 fxg5 24. Rxd6 Bf5 25. Rxc3 g4 26.
Bd5 Re1+ 27. Kh2 Re2 28. Kg3 h5 29. Re3 Rxa2 30. c5 g5 31. Rf6 h4+ 32. Kh2
Rxf2 33. Re5 g3+ 34. Kg1 Bc2 35. Rxg5+ Kf8 36. Rxf2 gxf2+ 37. Kxf2 Bxb3 38.
Bf3 Be6 39. Rh5 Rb4 40. Be2 Rb2 41. Rxh4 Rc2 42. Ra4 Ke7 43. Ke3 1/2-1/2

[Event "EuTCh w"]
[Site "Plovdiv BUL"]
[Date "2003.10.19"]
[Round "8"]
[White "Petrenko,S"]
[Black "Velcheva,M"]
[Result "1-0"]
[WhiteElo "2331"]
[BlackElo "2295"]
[EventDate "2003.10.10"]

1. e4 e5 2. Nf3 Nc6 3. Bb5 f5 4. Nc3 fxe4 5. Nxe4 d5 6. Ng3 Bg4 7. h3 Bxf3
8. Qxf3 Nf6 9. Qe2 Bd6 10. Nf5 O-O 11. Bxc6 bxc6 12. O-O e4 13. d3 Qd7 14.
Nxd6 Qxd6 15. dxe4 Nxe4 16. Be3 c5 17. Rad1 Rae8 18. c3 c6 19. Qc2 Rf7 20.
Rfe1 c4 21. b3 cxb3 22. axb3 Qg6 23. c4 Rd8 24. cxd5 cxd5 25. Bxa7 Rxa7 26.
Rxe4 Re7 27. Re2 Qxc2 28. Rxc2 Rb7 29. Rd3 Rdb8 30. Rb2 Kf7 31. g3 Ke6 32.
Rc2 Kf6 33. Rf3+ Kg6 34. Rc6+ Kg5 35. h4+ Kg4 36. Kg2 h6 37. Rf4+ Kh5 38.
Kh3 Rxb3 39. f3 1-0

[Event "EuTCh w"]
[Site "Plovdiv BUL"]
[Date "2003.10.19"]
[Round "8"]
[White "Srebrnic,A"]
[Black "Machalova,M"]
[Result "1/2-1/2"]
[WhiteElo "2241"]
[BlackElo "2187"]
[EventDate "2003.10.10"]

1. Nf3 Nf6 2. c4 e6 3. Nc3 b6 4. g3 Bb7 5. Bg2 Be7 6. O-O O-O 7. b3 d6 8.
Bb2 Nbd7 9. e3 Ne4 10. Qc2 Nxc3 11. Bxc3 g6 12. d4 Bf6 13. e4 e5 14. d5 a5
15. a3 Qe7 16. Bd2 Bg7 17. Bh3 Bc8 18. b4 h6 19. Be3 Kh8 20. Nh4 Nf6 21.
Bxc8 Rfxc8 22. f3 Kh7 23. c5 bxc5 24. bxc5 c6 25. cxd6 Qd7 26. dxc6 Rxc6
27. Qb2 Rxd6 28. Rab1 Rd3 29. Ng2 a4 1/2-1/2

[Event "EuTCh w"]
[Site "Plovdiv BUL"]
[Date "2003.10.19"]
[Round "8"]
[White "Bojkovic,N"]
[Black "Djingarova,E"]
[Result "1-0"]
[WhiteElo "2408"]
[BlackElo "2329"]
[EventDate "2003.10.10"]

1. e4 e5 2. Nf3 Nc6 3. Bb5 a6 4. Ba4 Nf6 5. O-O Be7 6. d3 b5 7. Bb3 d6 8.
c3 Bg4 9. Re1 O-O 10. Nbd2 Na5 11. Bc2 c5 12. Nf1 Qc7 13. h3 Bxf3 14. Qxf3
Rfb8 15. Ne3 Bf8 16. Nf5 Ne8 17. Bd2 c4 18. Rad1 cxd3 19. Qxd3 Nc4 20. Bc1
a5 21. Ne3 Nxe3 22. Bxe3 Nf6 23. a3 Qc4 24. Bd2 Nd7 25. Qf3 Nc5 26. Rb1 Nb3
27. Qd1 Nc5 28. b3 Qe6 29. b4 axb4 30. axb4 Nd7 31. Bb3 Qf6 32. Re3 Qg6 33.
Bd5 Nf6 34. Rg3 Qh5 35. Bxa8 Qxd1+ 36. Rxd1 Rxa8 37. Re3 Nd7 38. Ree1 Nb6
39. Be3 Nc4 40. Rd5 Rb8 41. Ra1 Be7 42. Ra5 Nxa5 43. bxa5 h6 44. a6 Bg5 45.
a7 Rc8 46. Rxb5 Bxe3 47. fxe3 1-0

[Event "EuTCh w"]
[Site "Plovdiv BUL"]
[Date "2003.10.19"]
[Round "8"]
[White "Makropoulou,M"]
[Black "Mamedjarova,T"]
[Result "1/2-1/2"]
[WhiteElo "2240"]
[BlackElo "2227"]
[EventDate "2003.10.10"]

1. e4 e5 2. Nf3 Nc6 3. Nc3 Nf6 4. g3 Bc5 5. Bg2 d6 6. d3 Bg4 7. h3 Be6 8.
Na4 Bb6 9. Nxb6 axb6 10. O-O h6 11. d4 Nxd4 12. Nxd4 exd4 13. Qxd4 O-O 14.
Kh2 c5 15. Qd1 d5 16. e5 Nh7 17. f4 f5 18. c3 Rf7 19. Be3 Rd7 20. Bf2 Nf8
21. b3 Ng6 22. Qe2 Ne7 23. Rfd1 Nc6 24. Rd2 Qc7 25. Rad1 Rad8 26. Bf3 Ne7
27. Bg1 Kh7 28. Bf2 g5 29. Be3 Rg8 30. Bg2 g4 31. h4 Ra8 32. Qf2 Ra3 33.
Rc2 Nc6 34. Bf1 Qd8 35. Bb5 Rg7 36. Qf1 Ne7 37. Bf2 Ra8 38. Qe1 Qf8 39.
Rcd2 Qf7 40. Bf1 Kh8 41. Bg2 Rag8 42. Rd3 Ra8 43. Qd2 Rc8 44. Kg1 Rgg8 45.
Qb2 Rc7 46. R3d2 Rd8 47. Qb1 Rdc8 48. Kh2 Rd7 49. Qd3 Qe8 50. Qb5 Qd8 51.
b4 Qc7 52. a4 Qc6 53. Qxc6 Rxc6 54. bxc5 bxc5 55. c4 d4 56. Bxc6 Nxc6 57.
Rb2 Bxc4 58. Rc1 Ba6 59. Rxc5 d3 60. Be1 Rd4 61. e6 Re4 62. Bc3+ Kg8 63.
Rxc6 bxc6 64. Rb8+ Kh7 65. Rh8+ Kg6 66. Rg8+ Kh5 67. Rf8 Rxe6 68. Rxf5+ Kg6
69. Re5 Rd6 70. h5+ Kf7 71. Bd2 Rd4 72. Ra5 Bc8 73. Kg1 Re4 74. Ra7+ Ke6
75. Rh7 Re2 76. Rxh6+ Kd5 77. Ba5 d2 78. Bxd2 Rxd2 79. Rh8 Bd7 80. h6 Ke4
81. h7 Kf3 82. Rd8 Rd1+ 83. Kh2 Rd2+ 84. Kg1 1/2-1/2

[Event "EuTCh w"]
[Site "Plovdiv BUL"]
[Date "2003.10.19"]
[Round "8"]
[White "Raeva,E"]
[Black "Agababean,N"]
[Result "1-0"]
[WhiteElo "2174"]
[BlackElo "2252"]
[EventDate "2003.10.10"]

1. d4 g6 2. e4 Bg7 3. Bc4 e6 4. Nf3 d6 5. O-O Ne7 6. Nc3 b6 7. Ne2 h6 8. c3
Bb7 9. Ng3 Nd7 10. Re1 O-O 11. h4 Kh7 12. h5 e5 13. d5 Nf6 14. Bd3 Bc8 15.
Nh2 Nxh5 16. Nxh5 gxh5 17. Qxh5 Ng6 18. g3 Qd7 19. Kg2 Rh8 20. Rh1 Kg8 21.
Be2 Qa4 22. Bd3 Qd7 23. a4 Nf8 24. Bb5 Qe7 25. a5 bxa5 26. Rxa5 Rb8 27. Bc6
Nh7 28. Ng4 a6 29. b4 Ng5 30. f3 f5 31. Nf2 fxe4 32. Nxe4 Bf5 33. Qh4 Rf8
34. Rxa6 Bh3+ 35. Rxh3 Qf7 36. Nxg5 hxg5 37. Qg4 Rxh3 38. Kxh3 Qxf3 39.
Qxf3 Rxf3 40. Bxg5 Rxc3 41. Ra8+ Kh7 42. Rc8 Kg6 43. Rxc7 e4 44. Bf4 Bf6
45. Be8+ Kf5 46. Rxc3 Bxc3 47. b5 e3 48. Bxe3 Ke4 49. b6 1-0

[Event "EuTCh w"]
[Site "Plovdiv BUL"]
[Date "2003.10.19"]
[Round "8"]
[White "Hagarova,Z"]
[Black "Krivec,J"]
[Result "1/2-1/2"]
[WhiteElo "2352"]
[BlackElo "2313"]
[EventDate "2003.10.10"]

1. e4 e5 2. Nf3 Nc6 3. Bb5 a6 4. Ba4 Nf6 5. O-O Be7 6. Re1 b5 7. Bb3 d6 8.
c3 O-O 9. h3 Nb8 10. d4 Nbd7 11. Nbd2 Bb7 12. Bc2 Re8 13. Nf1 Bf8 14. Ng3
g6 15. b3 c5 16. d5 c4 17. bxc4 bxc4 18. Rb1 Qc7 19. Be3 Reb8 20. Qc1 h5
21. Qa3 Bc8 22. Nd2 a5 23. Ba4 Ba6 24. Bc6 Rxb1 25. Rxb1 Rb8 26. Rc1 Kh7
27. Qa4 Bh6 28. Bxh6 Nc5 29. Qd1 Kxh6 30. Qe2 Rb2 31. Qe3+ Kg7 32. Nf5+
gxf5 33. Qg5+ Kh7 34. Qxf5+ Kg7 35. Qg5+ Kh7 36. Qf5+ Kg7 37. Qg5+ Kh7
1/2-1/2

[Event "EuTCh w"]
[Site "Plovdiv BUL"]
[Date "2003.10.19"]
[Round "8"]
[White "Hennings,M"]
[Black "Sekulovska,V"]
[Result "0-1"]
[WhiteElo "2023"]
[BlackElo "2130"]
[EventDate "2003.10.10"]

1. e4 e5 2. Nf3 Nc6 3. Bb5 Nf6 4. O-O Bc5 5. c3 O-O 6. d4 Bb6 7. Bg5 h6 8.
Bh4 d6 9. Qd3 Qe7 10. Nbd2 Nb8 11. h3 c6 12. Ba4 Rd8 13. Rfe1 Nbd7 14. Rad1
Nf8 15. Bb3 Ng6 16. Bg3 Nh5 17. Nc4 Bc7 18. Ne3 Qf6 19. Nf5 Ngf4 20. Qc2
Re8 21. dxe5 dxe5 22. Kh2 Bxf5 23. exf5 Nxg3 24. fxg3 Nh5 25. Qe4 Qe7 26.
Qh4 Qxh4 27. Nxh4 e4 28. Re3 Rad8 29. Rxd8 Rxd8 30. Rxe4 Bxg3+ 31. Kg1 Nf6
32. Re7 Bxh4 33. Rxf7 Kh7 34. Rxb7 Bg3 35. Rxa7 Rd2 36. Rb7 Re2 37. Bc4
Re1+ 38. Bf1 Nd5 39. f6 Nxf6 40. a4 Kg6 41. Rb6 Nd5 42. Rxc6+ Kh7 43. Rc8
Nf4 44. Rf8 g5 45. a5 Kg7 46. Rf5 Ne2+ 47. Kh1 Bf4 48. g4 Ng3+ 49. Kg2 Nxf5
50. gxf5 Rb1 51. b4 Bd2 52. b5 Bxc3 53. a6 Bd4 54. Bd3 Rb3 55. Bc4 Rc3 56.
Be2 Kf6 57. Bg4 Rb3 0-1

[Event "EuTCh w"]
[Site "Plovdiv BUL"]
[Date "2003.10.19"]
[Round "8"]
[White "Lematschko,T"]
[Black "Jackova,J"]
[Result "0-1"]
[WhiteElo "2292"]
[BlackElo "2319"]
[EventDate "2003.10.10"]

1. e4 e5 2. Nf3 Nc6 3. Bb5 a6 4. Ba4 Nf6 5. O-O Be7 6. Re1 b5 7. Bb3 O-O 8.
a4 Bb7 9. axb5 axb5 10. Rxa8 Qxa8 11. d3 Na5 12. Nxe5 Nxb3 13. cxb3 d5 14.
Bg5 Re8 15. Nc3 dxe4 16. dxe4 b4 17. Na4 Nxe4 18. Be3 Bf8 19. Nc4 h6 20.
Bf4 Ng5 21. Rxe8 Qxe8 22. f3 Bxf3 23. Qd2 Bc6 24. Bxc7 Qe4 25. Ne3 Bxa4 26.
bxa4 Bc5 27. Kf2 Bxe3+ 28. Qxe3 Qc2+ 29. Ke1 Qxc7 30. Kd1 Qd7+ 31. Kc1 Qxa4
32. Qc5 b3 33. Qc8+ Kh7 34. Qf5+ g6 35. Qe5 Ne4 36. Kd1 Qd7+ 37. Ke2 Qd2+
38. Kf3 Qd3+ 39. Kf4 g5+ 0-1

[Event "EuTCh w"]
[Site "Plovdiv BUL"]
[Date "2003.10.19"]
[Round "8"]
[White "Sikorova,O"]
[Black "Seps,M"]
[Result "1-0"]
[WhiteElo "2241"]
[BlackElo "2068"]
[EventDate "2003.10.10"]

1. f4 e5 2. fxe5 d6 3. Nf3 dxe5 4. e4 Bc5 5. Bb5+ c6 6. Bc4 Nf6 7. Qe2 O-O
8. d3 Bg4 9. Nc3 b5 10. Bb3 a5 11. a4 b4 12. Nd1 Nbd7 13. Be3 Qb6 14. O-O
Nh5 15. Kh1 Rae8 16. Bc4 Kh8 17. Bxc5 Qxc5 18. Ne3 Nf4 19. Qd2 Be6 20. b3
Nf6 21. Bxe6 Nxe6 22. Nc4 Nd4 23. Nxd4 Qxd4 24. Qf2 Ng4 25. Qxd4 exd4 26.
h3 Ne3 27. Nxe3 dxe3 28. Rae1 f5 29. Rxe3 fxe4 30. Rxf8+ Rxf8 31. Rxe4 Kg8
32. Rc4 1-0